000 00948nam a22003137a 4500
001 BR0601683
003 BR-BrBNA
005 20230928102136.0
007 ta
008 230509b bl.||||| |||| 00| 0 por d
040 _aBR-BrBNA
_bpor
_cBiblioteca Nacional de Agricultura
041 _a(Por)
072 _aH20
_b1530
090 _ 1530 BR0601683
100 1 _aOliveira, A.C.C. de
110 1 _aUniversidade Federal de Lavras, MG (Brasil)
_0Tese (Mestrado)
245 1 _aMetodologia de inoculação, variabilidade e controle de Rhizoctonia solani na cultura da cenoura
260 3 _aLavras, MG (Brasil):
_c2006.
300 _a63 p.
500 _aSummaries (Eng, Por); Bibliography p. 51-56; 9 tables; 7 illus.
650 _aCENOURA
650 _aHORTALIÇA
650 _aFUNGO
650 _aPATOGENICIDADE
650 _aTRATAMENTO FITOSSANITÁRIO
650 _aFUNGICIDA
909 _a202309
_bLucia
_c55
_dLucia Elande
942 _cBK
999 _c69346
_d69346